00000000nam 2200000za 4500
0019.861846
003CaOODSP
00520240102154603
007cr |||||||||||
008180912s2018    onc     ob   f000 0 fre d
040 |aCaOODSP|bfre
043 |an-cn---
0861 |aPS83-3/416F-PDF
24504|aLes femmes qui commettent des infractions sexuelles |h[ressource électronique] : |bprofil et étude des résultats de programme / |cKayla A. Wanamaker … [et al.].
260 |aOttawa : |bService correctionnel du Canada, |c2018.
300 |avi, 58 p.
4901 |aRapport de recherche ; |vn° R-416
500 |aPubl. aussi en anglais sous le titre : Women who sexually offend: a profile and program outcome study.
500 |a« Août 2018. »
504 |aComprend des références bibliographiques (p. 33-36).
520 |a« Les délinquantes sexuelles constituent une faible proportion de la population de délinquants. Vu la gravité de l’infraction criminelle et son incidence sur les victimes, il est important, pour concevoir et mettre en oeuvre des interventions appropriées, de comprendre les caractéristiques et les besoins liés aux facteurs criminogènes des délinquantes sexuelles. Le Programme pour délinquantes sexuelles (PDS) est offert dans le cadre du continuum de soins du Service correctionnel du Canada (SCC). Les objectifs de la présente étude étaient les suivants : 1) approfondir les recherches antérieures en examinant le profil des délinquantes sexuelles, y compris les données démographiques, les antécédents, les caractéristiques de l’infraction et de la peine, les renseignements sur le risque et les besoins, de même que les résultats après la mise en liberté; et 2) évaluer les gains de traitement pour les personnes qui terminent le PDS et en examiner les résultats après la mise en liberté » -- Résumé, p. iii.
693 4|aDélinquantes sexuelles
693 4|aRéadaptation
7001 |aWanamaker, Kayla A.
7102 |aService correctionnel Canada. |bDirection de la recherche.
77508|tWomen who sexually offend |w(CaOODSP)9.861844
830#0|aRapport de recherche (Service correctionnel Canada. Direction de la recherche)|vn° R-416.|w(CaOODSP)9.502465
85640|qPDF|s1.18 Mo|uhttps://publications.gc.ca/collections/collection_2018/scc-csc/PS83-3-416-fra.pdf